000 00228nam a2200109Ia 4500
008 220204s9999 xx 000 0 und d
082 _a82-3
_bWER
100 _aWerlin, Mark
245 0 _aSavior
700 _aMarvin
942 _cBK
999 _c35761
_d35761